Regenerative business strategies (Record no. 5427)

MARC details
000 -CABECERA
campo de control de longitud fija 02769nam a22002777a 4500
003 - IDENTIFICADOR DEL NÚMERO DE CONTROL
campo de control OSt
005 - FECHA Y HORA DE LA ÚLTIMA TRANSACCIÓN
campo de control 20260511181452.0
008 - DATOS DE LONGITUD FIJA--INFORMACIÓN GENERAL
campo de control de longitud fija 260428b |||||||| |||| 00| 0 eng d
022 ## - NÚMERO INTERNACIONAL NORMALIZADO PARA PUBLICACIONES SERIADAS
Número Internacional Normalizado para Publicaciones Seriadas 2352-5509
040 ## - FUENTE DE LA CATALOGACIÓN
Centro catalogador/agencia de origen TBS
Lengua de catalogación EN
Centro/agencia transcriptor TBS
041 ## - CÓDIGO DE LENGUA
Código de lengua del texto/banda sonora o título independiente eng
100 ## - ENTRADA PRINCIPAL--NOMBRE DE PERSONA
Nombre de persona Das, Ankita
9 (RLIN) 26970
Término indicativo de función/relación author
245 ## - MENCIÓN DE TÍTULO
Título Regenerative business strategies
Resto del título : a database and typology to inspire business experimentation towards sustainability
Mención de responsabilidad, etc. / Ankita Das, Nancy Bocken.
260 ## - PUBLICACIÓN, DISTRIBUCIÓN, ETC.
Nombre del editor, distribuidor, etc. Sustainable Production and Consumption,
Fecha de publicación, distribución, etc. 2024
300 ## - DESCRIPCIÓN FÍSICA
Extensión 529-544 pages.
490 ## - MENCIÓN DE SERIE
Mención de serie Sustainable production and consumption
Designación de volumen o secuencia vol.49
520 ## - SUMARIO, ETC.
Sumario, etc. In a time marked by growing environmental and societal challenges, where multiple planetary boundaries are being crossed, the way we conduct business practices needs to be rethought. Regenerative business models offer a path towards a more responsible future by incorporating strategies that go beyond net zero and focus on actively restoring the natural and social systems they operate in, creating a more holistic net positive impact. To date, much of the research on this topic is conceptual and there is a need for more empirical insights on how regenerative strategies can be implemented. This study uses purposive sampling to conduct a comprehensive practice review of 84 regenerative business cases from 15 sectors, to build the novel Regenerative Business Case Database. A typology of six archetypal regenerative business strategies was also derived, including: (1) regenerative leadership, (2) nature regeneration, (3) social regeneration, (4) responsible sourcing, (5) human health & wellbeing focus, and (6) employee level focus. The predominant sectors with regenerative innovations were food, consumer goods and fashion. Many companies were found to be employing multiple strategies concurrently, while collaborating with local organisations. While some may argue that regenerative business strategies cannot be successful in a competitive market, the results contain examples of stable businesses pursuing regenerative strategies dating back to the 1870's. The aim of this study was to build a database and typology of successful regenerative business cases and strategies that can serve as inspiration for further business model experimentation. Future research could explore how innovations towards such business models develop, and what regulatory frameworks allow them to flourish.
630 #0 - PUNTO DE ACCESO ADICIONAL DE MATERIA--TÍTULO UNIFORME
Título uniforme B2 PBT Regenerative Leadership (BiM)
9 (RLIN) 26902
650 #0 - PUNTO DE ACCESO ADICIONAL DE MATERIA--TÉRMINO DE MATERIA
Término de materia o nombre geográfico como elemento de entrada Circular economy
9 (RLIN) 26971
650 #0 - PUNTO DE ACCESO ADICIONAL DE MATERIA--TÉRMINO DE MATERIA
Término de materia o nombre geográfico como elemento de entrada Econometric models
9 (RLIN) 9717
650 #0 - PUNTO DE ACCESO ADICIONAL DE MATERIA--TÉRMINO DE MATERIA
Término de materia o nombre geográfico como elemento de entrada Industrial management
9 (RLIN) 20469
650 #0 - PUNTO DE ACCESO ADICIONAL DE MATERIA--TÉRMINO DE MATERIA
Término de materia o nombre geográfico como elemento de entrada Leadership
9 (RLIN) 2600
700 ## - ENTRADA AGREGADA--NOMBRE PERSONAL
Nombre de persona Bocken, Nancy
9 (RLIN) 12569
Término indicativo de función/relación author
856 ## - LOCALIZACIÓN Y ACCESO ELECTRÓNICOS
Identificador Uniforme del Recurso <a href="https://doi-org.hub.tbs-education.fr/10.1016/j.spc.2024.06.024">https://doi-org.hub.tbs-education.fr/10.1016/j.spc.2024.06.024</a>
942 ## - ELEMENTOS DE ENTRADA AGREGADA (KOHA)
Fuente del sistema de clasificación o colocación Clasificación de Library of Congress
Holdings
Estado de retiro Estado de pérdida Fuente del sistema de clasificación o colocación Estado dañado No para préstamo Código de colección Biblioteca de origen Biblioteca actual Fecha de adquisición Total de préstamos Fecha visto por última vez Identificador Uniforme del Recurso Precio válido a partir de Tipo de ítem Koha
    Clasificación de Library of Congress     Core Textbooks TBS Barcelona TBS Barcelona 11/05/2026   11/05/2026 https://doi-org.hub.tbs-education.fr/10.1016/j.spc.2024.06.024 11/05/2026 Academic Article

Powered by Koha